Mantle plumes /

Uloženo v:
Podrobná bibliografie
Hlavní autor: Orovetskii, Yu. O. (Autor)
Další autoři: Rao, N. Venkat
Médium: Kniha
Jazyk:English
Vydáno: Rotterdam : Balkema, 1999.
Témata:
Tagy: Přidat tag
Žádné tagy, Buďte první, kdo otaguje tento záznam!
LEADER 01059cam a2200301 i 4500
001 u44208
003 SIRSI
005 20210114113637.0
008 110131 eng
020 |a 9054107928 
050 |a QE611   |b .O76 1999 
100 1 |a Orovetskii, Yu. O.. ,  |e author  |9 147012 
245 1 0 |a Mantle plumes /  |c Yu. P. Orovetskii ; translator and technical editor N. Venkat Rao. 
264 1 |a Rotterdam :  |b Balkema,  |c 1999. 
300 |a vii, 245 pages :  |b illustrations, maps ;  |c 25 cm. 
336 |a text  |b txt  |2 rdacontent 
337 |a unmediated  |b n  |2 rdamedia 
338 |a volume  |b nc  |2 rdacarrier 
596 |a 3 
650 0 |a Diapirs.  |9 147013 
651 0 |a Earth   |x Mantle  |9 147014 
651 0 |a Ukrainian Shield (Ukraine)  |9 147015 
700 1 |a Rao, N. Venkat.  |9 128537 
942 |c BOOK_OA 
997 |a 60932 
998 |a 1  |b Shafrizan Shafferi 
999 |c 99927  |d 99927 
952 |0 0  |1 0  |2 LCC  |4 0  |6 QE0611 O76 01999  |7 0  |9 177523  |a PAGOH_LIB  |b PAGOH_LIB  |c OPENACCS  |d 2011-04-15  |g 362.60  |l 0  |o QE611 .O76 1999  |p 1000077307  |r 2020-12-05  |t 1  |w 2020-12-05  |y BOOK_OA